| 000 | 01086nam a22002417a 4500 | ||
|---|---|---|---|
| 003 | OSt | ||
| 005 | 20260212101943.0 | ||
| 008 | 260212b |||||||| |||| 00| 0 eng d | ||
| 040 | _c0 | ||
| 082 | _aDPer 796.07 J826 January-October 2023 v. 42 n. 1-4 | ||
| 100 |
_aDauenhauer, Brian _eauthor. _969674 |
||
| 245 |
_aA 2-Year Evaluation of Professionals Development Workshops Focused on Physical Education and School Physical Activity / _cBrian Dauenhauer, Jennifer M. Krause, Dannon G. Cox, Katie L. Hodgin, Jaimie McMullen, Russell L. Carson. |
||
| 260 |
_aUS _bHuman Kinetics, Inc. _cApril 2023 |
||
| 300 |
_aVolume 42, pages 206-216 : _billustration ; _c29 cm. |
||
| 500 | _aJournal of Teaching in Physical Education, vol. 42 no. 2, pages 206-216, January-October 2023. | ||
| 700 |
_aDauenhauer, Brian _eauthor. _969674 |
||
| 700 |
_aKrause, Jennifer M. _eauthor. _966980 |
||
| 700 |
_aCox, Dannon G. _eauthor. _962745 |
||
| 700 |
_aHodgin, Katie L. _eauthor. _969675 |
||
| 700 |
_aMcmullen, Jaimie. _eauthor. _969676 |
||
| 700 |
_aCarson, Russell L. _eauthor. _969677 |
||
| 942 |
_2ddc _cPER |
||
| 999 |
_c24305 _d24305 |
||